Rosemary Nweze and Christian Nweze v Nwoko (Record no. 117346)
[ view plain ]
| 000 -LEADER | |
|---|---|
| fixed length control field | 01638cam a2200253 4500 |
| 001 - CONTROL NUMBER | |
| control field | ABS67867 |
| 008 - FIXED-LENGTH DATA ELEMENTS--GENERAL INFORMATION | |
| fixed length control field | 040513n2004 000 0 eng u |
| 035 ## - SYSTEM CONTROL NUMBER | |
| System control number | (Sirsi) u126191 |
| 245 ## - TITLE STATEMENT | |
| Title | Rosemary Nweze and Christian Nweze v Nwoko |
| 260 ## - PUBLICATION, DISTRIBUTION, ETC. | |
| Date of publication, distribution, etc. | 2004 |
| 520 ## - SUMMARY, ETC. | |
| Summary, etc. | [2004] EWCA Civ 379, 29 March 2004. Appellant appealed against the Recorder's decision that the compromise oral agreement between the parties to sell a property at the best price,could not be enforced under the Law of Property (Miscellaneous Provisions) Act 1989 s2 as it did not fulfil the criteria of being a contract for sale or other deposition of an interest in the land. The Recorder had also ruled that the original sale agreement was not enforceable under s2 of the Act and this was not part of the appeal. The terms of the compromise oral agreement are outlined in para 6 and the legal interpretation of s2 are discussed in para 14."Held": that the compromise agreement was not enforceable under s2. View judgment at www.bailii.org. |
| 590 ## - LOCAL NOTE (RLIN) | |
| Local note | ABS |
| 590 ## - LOCAL NOTE (RLIN) | |
| Local note | ABS |
| 590 ## - LOCAL NOTE (RLIN) | |
| Local note | ABS |
| 650 ## - SUBJECT ADDED ENTRY--TOPICAL TERM | |
| Topical term or geographic name entry element | NWEZE AND ANOTHER V NWOKO |
| 650 ## - SUBJECT ADDED ENTRY--TOPICAL TERM | |
| Topical term or geographic name entry element | LAW OF PROPERTY (MISCELLANEOUS PROVISIONS) ACT 1989 S2 |
| 650 ## - SUBJECT ADDED ENTRY--TOPICAL TERM | |
| Topical term or geographic name entry element | ORAL AGREEMENTS |
| 650 ## - SUBJECT ADDED ENTRY--TOPICAL TERM | |
| Topical term or geographic name entry element | CONTRACT FOR SALE |
| 690 ## - LOCAL SUBJECT ADDED ENTRY--TOPICAL TERM (OCLC, RLIN) | |
| Topical term or geographic name as entry element | PROPERTY AND LAND LAW-CASE LAW |
| 856 ## - ELECTRONIC LOCATION AND ACCESS | |
| Uniform Resource Identifier | <a href="https://www.bailii.org/ew/cases/EWCA/Civ/2004/379.html">https://www.bailii.org/ew/cases/EWCA/Civ/2004/379.html</a> |
| Public note | View judgment on the BAILII website... |
| 856 ## - ELECTRONIC LOCATION AND ACCESS | |
| Uniform Resource Identifier | <a href="https://www.bailii.org/ew/cases/EWCA/Civ/2004/379.html">https://www.bailii.org/ew/cases/EWCA/Civ/2004/379.html</a> |
| Public note | View judgment on the BAILII website... |
| 856 ## - ELECTRONIC LOCATION AND ACCESS | |
| Uniform Resource Identifier | <a href="https://www.bailii.org/ew/cases/EWCA/Civ/2004/379.html">https://www.bailii.org/ew/cases/EWCA/Civ/2004/379.html</a> |
| Public note | View judgment on the BAILII website... |
| 942 ## - ADDED ENTRY ELEMENTS (KOHA) | |
| Suppress in OPAC | 0 |
| Withdrawn status | Lost status | Source of classification or shelving scheme | Damaged status | Not for loan | Home library | Current library | Shelving location | Date acquired | Total Checkouts | Full call number | Barcode | Date last seen | Copy number | Price effective from | Koha item type |
|---|---|---|---|---|---|---|---|---|---|---|---|---|---|---|---|
| Dewey Decimal Classification | London | London | Journal article | 13/05/2004 | ABS67867 | 126191-1001 | 06/08/2019 | 1 | 06/08/2019 | Law report | |||||
| Dewey Decimal Classification | Virtual | Virtual | Online | 13/05/2004 | ONLINE | 126191-2001 | 06/08/2019 | 1 | 06/08/2019 | Law report |